Élimination par catégorie - Nombres - Statistiques

Statistiques générales
  • Ce quiz a été pris 101 992 fois
  • Le résultat moyen est 15 sur 20
Statistiques - réponses
Groupe # Catégorie
% Correct
Vert 100 Nombres entre 1 et 100
100%
Vert 50 ... qui sont pairs
100%
Orange 100 Années entre 1900 et 1999
87%
Vert 20 ... dont la somme des chiffres vaut 10 ou plus
86%
Bleu 22 Nombres de 1 à 100 qui s'écrivent en un seul mot
86%
Bleu 12 ... qui comportent deux chiffres
85%
Orange 24 ... lors de laquelle des J.O. ont eu lieu
84%
Vert 3 ... dont le premier chiffre est un 7
83%
Bleu 6 ... et ne terminent pas par un 0
81%
Orange 17 ... dont les 4 chiffres sont différents
80%
Bleu 3 ... ne contenant pas la lettre O
79%
Orange 5 ... et qui terminent par un 4
78%
Violet 168 Nombres premiers inférieurs à 1000
77%
Violet 65 ... dont le carré est inférieur à 100 000
75%
Orange 1 ... tout en étant le titre d'un roman célèbre 1984
71%
Bleu 1 ... et qui ne rime avec aucun autre mot français 15
69%
Vert 1 ... et est le produit de deux nombres premiers 74
66%
Violet 40 ... qui comportent au moins 3 chiffres
50%
Violet 6 ... dont les premier et dernier chiffres sont identiques
42%
Violet 1 ... avec un 8 au milieu 181
40%
Aucun quiz correspondant
Distribution des résultats
% des personnes avec chaque résultat
Percentile par nombre de réponses
Votre historique - résultats
Vous n’avez pas pris ce quiz